| 000 | 00654nam a22001697a 4500 | ||
|---|---|---|---|
| 082 |
_a891.4393 _bZAF |
||
| 100 | _aZafar, Dr. Afsah | ||
| 245 |
_aAkbar Allahabadi: Ek Samaji‑Siyasi Mutala/ _c Dr. Afsah Zafar |
||
| 260 |
_aLahore: _bDarul Shaour, _c2015. |
||
| 300 |
_a280p. : _c26cm. |
||
| 563 | _aHB | ||
| 650 |
_aLife and Times of Akbar Allahabadi _9129579 |
||
| 880 |
_6100-01\(3\r _aڈاکٹر افصح ظفر |
||
| 880 |
_6245-02\(3\r _aاکبر الہٰ آبادی: ایک سماجی و سیاسی مطالعہ/ _bڈاکٹر افصح ظفر |
||
| 880 |
_6260-03\(3\r _aلاہور: _b دارُ الشعور, _c2015. |
||
| 942 |
_2ddc _cBK |
||
| 999 |
_c614199 _d614199 |
||